Normal view
MARC view
Entry Topical Term
001 - CONTROL NUMBER
- control field: 4920
003 - CONTROL NUMBER IDENTIFIER
- control field: BD-RjUL
005 - DATE AND TIME OF LATEST TRANSACTION
- control field: 20220920123201.0
008 - FIXED-LENGTH DATA ELEMENTS
- fixed length control field: 220920|| aca||aabn | a|a d
040 ## - CATALOGING SOURCE
- Original cataloging agency: BD-RjUL
- Transcribing agency: BD-RjUL
150 ## - HEADING--TOPICAL TERM
- Topical term or geographic name entry element: Hindu mythology
670 ## - SOURCE DATA FOUND
- Source citation: Work cat.: (BD-RjUL)80404: Somadeva Bhaṭṭa, active 11th century 4919, Katha sarit sagara :, 1966